000 00252nam a22001097a 4500
082 _a625.85
_bASP
_cD
110 _aGovt of India
_937860
245 _aAsphalt
300 _a125p.:
_bill.;
526 _a0
_b0
_c0
_d625_850000000000000_ASP
942 _2ddc
_cBK
999 _c547716
_d547716